[Event "RSA-ch U16 Girls"]
[Site "Bloemfontein"]
[Date "2016.03.25"]
[Round "10"]
[White "Mohideen, Hasinath"]
[Black "Joubert, Dantelle"]
[Result "0-1"]
[WhiteElo "956"]
[BlackElo "1387"]
[PlyCount "56"]
[EventDate "2016.03.20"]
[EventType "swiss"]
[EventRounds "11"]
[EventCountry "RSA"]
[SourceTitle "CBM 171 Extra"]
[Source "ChessBase"]
[SourceDate "2016.04.26"]
[SourceVersion "1"]
[SourceVersionDate "2016.04.26"]
[SourceQuality "1"]

1. e4 e5 2. Nf3 Nc6 3. Bb5 a6 4. Bxc6 dxc6 5. h3 f6 6. b3 Be6 7. Bb2 Qd7 8. Qe2 0-0-0 9. Qe3 Kb8 10. Nc3 c5 11. Ba3 Qc6 12. Na4 b6 13. 0-0 g5 14. Qc3 Qxe4 15. Rae1 Qg6 16. Nxe5 fxe5 17. Qxe5 Bc8 18. Nxb6 Bg7 19. Qxc5 Bd4 20. Qc4 Bxb6 21. Bc5 Bxc5 22. Qxc5 Nf6 23. Qb4+ Bb7 24. Re6 Rhe8 25. Rxa6 Qf7 26. Ra5 Rd5 27. Rxd5 Qxd5 28. c4 Qxg2# 0-1

[Event "RSA-ch U16 Girls"]
[Site "Bloemfontein"]
[Date "2016.03.23"]
[Round "6"]
[White "Wolmarans, Riekie"]
[Black "Mohideen, Hasinath"]
[Result "1-0"]
[WhiteElo "1417"]
[BlackElo "956"]
[PlyCount "109"]
[EventDate "2016.03.20"]
[EventType "swiss"]
[EventRounds "11"]
[EventCountry "RSA"]
[SourceTitle "CBM 171 Extra"]
[Source "ChessBase"]
[SourceDate "2016.04.26"]
[SourceVersion "1"]
[SourceVersionDate "2016.04.26"]
[SourceQuality "1"]

1. d4 g6 2. e4 Bg7 3. Nf3 d6 4. Nc3 Bg4 5. Be3 Nc6 6. Bb5 a6 7. Bxc6+ bxc6 8. h3 Bxf3 9. Qxf3 Rb8 10. e5 dxe5 11. Qxc6+ Kf8 12. dxe5 Bxe5 13. 0-0 Rxb2 14. Rfd1 Qc8 15. Na4 Qb7 16. Qxb7 Rxb7 17. Rab1 Rxb1 18. Rxb1 Bd6 19. Nc5 Bxc5 20. Bxc5 Ke8 21. Rb8+ Kd7 22. Ra8 Kc6 23. Bd4 Kb7 24. Ra7+ Kb8 25. Rxa6 Nf6 26. Bxf6 exf6 27. Rxf6 Rd8 28. Rxf7 Rd2 29. c4 Rxa2 30. Rxh7 Rc2 31. Rh4 Kb7 32. Rg4 c5 33. f3 g5 34. h4 gxh4 35. Rxh4 Kb6 36. Re4 Ka5 37. g4 Kb4 38. g5 Rxc4 39. Rxc4+ Kxc4 40. g6 Kd3 41. g7 c4 42. g8Q c3 43. Qb3 Kd2 44. f4 c2 45. Qxc2+ Kxc2 46. f5 Kb3 47. f6 Ka4 48. f7 Ka5 49. f8Q Ka6 50. Qb8 Ka5 51. Kf2 Ka6 52. Ke3 Ka5 53. Kd4 Ka4 54. Kc4 Ka5 55. Qb5# 1-0

[Event "RSA-ch U16 Girls"]
[Site "Bloemfontein"]
[Date "2016.03.21"]
[Round "3"]
[White "Surujhlal, Kayla"]
[Black "Mohideen, Hasinath"]
[Result "1-0"]
[WhiteElo "1296"]
[BlackElo "956"]
[PlyCount "65"]
[EventDate "2016.03.20"]
[EventType "swiss"]
[EventRounds "11"]
[EventCountry "RSA"]
[SourceTitle "CBM 171 Extra"]
[Source "ChessBase"]
[SourceDate "2016.04.26"]
[SourceVersion "1"]
[SourceVersionDate "2016.04.26"]
[SourceQuality "1"]

1. e4 e5 2. Nf3 Nc6 3. d4 exd4 4. Nxd4 Qe7 5. Nc3 Nf6 6. Nxc6 dxc6 7. Bd3 Nd5 8. Bd2 Nxc3 9. Bxc3 Qg5 10. 0-0 Bh3 11. Qf3 Bg4 12. Qg3 f5 13. h3 fxe4 14. Bxe4 Bd6 15. Qxg4 Qxg4 16. hxg4 0-0 17. g3 Rae8 18. Bd3 Bc5 19. Kg2 Re7 20. a4 Ref7 21. Bc4 Bd6 22. Bxf7+ Rxf7 23. Rae1 h6 24. Re8+ Kh7 25. Rfe1 b6 26. f4 a5 27. f5 b5 28. b3 Bb4 29. Bxb4 axb4 30. a5 c5 31. a6 c6 32. R1e7 Rxe7 33. Rxe7 1-0

[Event "RSA-ch U14 Girls"]
[Site "Waterkloof"]
[Date "2015.04.06"]
[Round "4"]
[White "Mohideen, Hasinath"]
[Black "Villoen, Sharise"]
[Result "1-0"]
[WhiteElo "986"]
[BlackElo "906"]
[PlyCount "117"]
[EventDate "2015.04.04"]
[EventType "swiss"]
[EventRounds "9"]
[EventCountry "RSA"]
[SourceTitle "CBM 166 Extra"]
[Source "ChessBase"]
[SourceDate "2015.06.18"]
[SourceVersion "1"]
[SourceVersionDate "2015.06.18"]
[SourceQuality "1"]

1. e4 e6 2. Nf3 d5 3. exd5 exd5 4. Nc3 Nf6 5. d4 c6 6. Bg5 Be7 7. Bxf6 Bxf6 8. Qe2+ Be7 9. Ne5 0-0 10. 0-0-0 Be6 11. a3 Nd7 12. Nxd7 Bxd7 13. g3 b5 14. h4 a5 15. Bh3 Bxh3 16. Rxh3 a4 17. g4 b4 18. axb4 Bxb4 19. Qe3 a3 20. Kb1 Bxc3 21. Qxc3 a2+ 22. Ka1 Qb6 23. Qb3 Qa6 24. Qa3 Qe2 25. Qd3 Qxf2 26. Qd2 Qf6 27. g5 Qd6 28. h5 Qe6 29. Ra3 Rxa3 30. bxa3 Qh3 31. h6 g6 32. Kxa2 f5 33. Qe2 f4 34. Qf1 Qh2 35. Qd3 f3 36. Rf1 f2 37. Qd2 Qg1 38. Qd3 Qxg5 39. Qe2 Qxh6 40. Qe6+ Rf7 41. Rxf2 Qf8 42. Rxf7 Qxf7 43. Qxc6 g5 44. a4 g4 45. Qd6 h5 46. a5 h4 47. Qd8+ Kg7 48. Qxh4 Qf5 49. Kb2 Qg6 50. Qh1 g3 51. Qg1 Kf7 52. Qg2 Qd6 53. Kb3 Qb8+ 54. Ka4 Ke6 55. a6 Qf4 56. Kb5 Kd6 57. a7 Qf8 58. Qxg3+ Ke7 59. Qa3+ 1-0